|
|
|
|
| LEADER |
01067nam a2200253u 4500 |
| 001 |
829 |
| 003 |
BD-DhAAL |
| 005 |
20151003190939.0 |
| 008 |
810825s1963 nyu 100 0 eng |
| 010 |
|
|
|a 63002881
|
| 040 |
|
|
|a DLC
|c CarP
|d DLC
|d BD-DhAAL
|
| 050 |
0 |
0 |
|a HD3532.A4
|b S43 1960a
|
| 082 |
|
|
|a 334/.0959
|
| 111 |
2 |
|
|a Seminar on Cooperative Leadership in South-East Asia,
|c Delhi,
|d 1960. [from old catalog]
|9 15065
|
| 245 |
1 |
0 |
|a Cooperative leadership in south-east Asia,
|
| 260 |
|
|
|a New York,
|b Asia Pub. House
|c [1963]
|
| 300 |
|
|
|a xii, 134 p.
|c 23 cm.
|
| 541 |
|
|
|e 829
|
| 650 |
|
0 |
|a Cooperation
|z Southeast Asia.
|9 15066
|
| 710 |
2 |
|
|a International Co-operative Alliance. [from old catalog]
|9 15067
|
| 942 |
|
|
|2 ddc
|c BK
|
| 999 |
|
|
|c 35668
|d 35668
|
| 952 |
|
|
|0 0
|1 0
|2 ddc
|4 0
|6 334_000000000000000__0959_COO
|7 0
|9 56088
|a SCL
|b SCL
|c GEN
|d 2015-10-03
|g 10.00
|l 0
|o 334.0959 COO
|p 3020000829
|r 2015-10-03
|t 1
|w 2015-10-03
|y BK
|
| 952 |
|
|
|0 0
|1 0
|2 ddc
|4 0
|6 334_000000000000000__0959_COO
|7 0
|9 56095
|a SCL
|b SCL
|c GEN
|d 2015-10-03
|g 10.00
|l 0
|o 334.0959 COO
|p 3020000020
|r 2015-10-03
|t 2
|w 2015-10-03
|y BK
|